LEADER 00893nam a2200205 i 4500 001 000000190446 003 CaOOAMICUS 005 20100615000000.0 008 100615s1961 it u000 u ita u 013 $a168859 040 $aSeMil$bita 100 1 $aGiannini, Annibale.$0(OLS)http://semarc/name/49094 245 13$aUn Vescovo de "La Provvidenza" Mons. Aurelio Bacciarini /$cSac. Annibale Giannini guanelliano. 260 $aBari :$bEdizioni Paoline,$cstampa 1961. 300 $a363 p., [21] p. di tav. ;$c19 cm. 600 14$aBacciarini, Aurelio .$0(OLS)http://semarc/subject/3587 850 $aSeMil 852 $aSeMil$W1$xVenegono$y1$m3H I 343$j141065$B141065$CSeMilBibl$Z2$F152686 $81 996 $6245$aUn Vescovo de "La Provvidenza" Mons. Aurelio Bacciarini$9(OLS)http://semarc/title/274367 996 $6260$aBari :$bEdizioni Paoline$9(OLS)http://semarc/publisher/35915 LEADER 01557nam a2200265 i 4500 001 000000075638 003 CaOOAMICUS 005 20221129123109.0 008 110607s1852 it u000 u ita u 013 $a46810 040 $aSeMil$bita 100 1 $aCavalcanti, Bartolomeo,$d<1503-1562>.$0(OLS)http://semarc/name/37343 245 10$aTrattati sopra gli ottimi reggimenti delle repubbliche antiche e moderne con le tre lettere sopra la riforma di una repubblica /$cdi Bartolomeo Cavalcanti. Trattato del reggimento degli stati / di Girolamo Savonarola. Gli avvertimenti civili / di Francesco Guicciardini. L'apologia / di Lorenzo de' Medici. 260 $aTorino :$bUnione Tipografico-Editrice,$c1852. 300 $a320 p. ;$c20 cm. 490 0 $aNuova biblioteca popolare. Classe 4., Politica 700 1 $aMedici, Lorenzo : de',$d<1449-1492>.$0(OLS)http://semarc/name/8233 700 1 $aGuicciardini, Francesco,$d<1483-1540>.$0(OLS)http://semarc/name/6315 700 1 $aSavonarola, Girolamo,$c.$0(OLS)http://semarc/name/89716 830 0$aNuova biblioteca popolare. Classe 4., Politica.$0(OLS)http://semarc/title/33778 850 $aSeMil 852 $aSeMil$W1$xVenegono$y1$m1F V 25 FA$j41790$B41790$CSeMilBibl$Z2$F41794 $8I 996 $6245$aTrattati sopra gli ottimi reggimenti delle repubbliche antiche e moderne con le tre lettere sopra la riforma di una repubblica$9(OLS)http://semarc/title/122661 996 $6260$aTorino :$bUnione Tipografico-Editrice$9(OLS)http://semarc/publisher/30119